00383nam a2200121Ia 45000010005000000080041000050820025000461000054000712450070001252600024001959010027002199990015002463073241024s9999 xx 000 0 und d aRD/624.04/R426t/2013 aRepública Dominicana. Ministerio de Educación 0aSituación de los terrenos 1er. sorteo al 25 de febrero del 2013 bSanto Domingoc2013 a25/7/2013 8:07:09 a.m. c8050d8050